Sustaining England's woodlands (Record no. 71371)
[ view plain ]
| 000 -LEADER | |
|---|---|
| fixed length control field | 01207cam a2200229 4500 |
| 001 - CONTROL NUMBER | |
| control field | WB3838-19 |
| 008 - FIXED-LENGTH DATA ELEMENTS--GENERAL INFORMATION | |
| fixed length control field | 021017n2002 000 0 eng u |
| 035 ## - SYSTEM CONTROL NUMBER | |
| System control number | (Sirsi) u120129 |
| 245 ## - TITLE STATEMENT | |
| Title | Sustaining England's woodlands |
| 260 ## - PUBLICATION, DISTRIBUTION, ETC. | |
| Date of publication, distribution, etc. | 2002 |
| 490 ## - SERIES STATEMENT | |
| Series statement | RICS Rural Faculty News |
| Volume/sequential designation | 15 October 2002, (1) |
| 520 ## - SUMMARY, ETC. | |
| Summary, etc. | The Forestry Commission has responded to the Sustaining England's Woodlands review, welcoming the chance of a new relationship with woodland owners and managers. Key action areas in the response are: improving the evidence base, enhancing engagement with owners and managers and strengthening advocacy for woodlands and sustainable forest management. The response is available at http://www.forestry.gov.uk/forestry/hcou-4z6k5n or can be obtained from Brian Dawson, Forestry Commission t+44 (0)1223 346002 http://www.rics.org/ricscms/bin/show?class=News&template=/includes/shownews.html&id=3937&faculty=Rural&faculty=All%20Faculties |
| 590 ## - LOCAL NOTE (RLIN) | |
| Local note | WB |
| 650 ## - SUBJECT ADDED ENTRY--TOPICAL TERM | |
| Topical term or geographic name entry element | WOODLANDS |
| 650 ## - SUBJECT ADDED ENTRY--TOPICAL TERM | |
| Topical term or geographic name entry element | ENGLAND |
| 650 ## - SUBJECT ADDED ENTRY--TOPICAL TERM | |
| Topical term or geographic name entry element | FORESTRY |
| 650 ## - SUBJECT ADDED ENTRY--TOPICAL TERM | |
| Topical term or geographic name entry element | FORESTRY COMMISSION |
| 650 ## - SUBJECT ADDED ENTRY--TOPICAL TERM | |
| Topical term or geographic name entry element | SUSTAINABLE FORESTRY |
| 650 ## - SUBJECT ADDED ENTRY--TOPICAL TERM | |
| Topical term or geographic name entry element | FOREST MANAGEMENT |
| 690 ## - LOCAL SUBJECT ADDED ENTRY--TOPICAL TERM (OCLC, RLIN) | |
| Topical term or geographic name as entry element | RURAL-AGRICULTURE AND FORESTRY |
| 942 ## - ADDED ENTRY ELEMENTS (KOHA) | |
| Suppress in OPAC | 0 |
| Withdrawn status | Lost status | Source of classification or shelving scheme | Damaged status | Not for loan | Home library | Current library | Shelving location | Date acquired | Total Checkouts | Full call number | Barcode | Date last seen | Copy number | Price effective from | Koha item type |
|---|---|---|---|---|---|---|---|---|---|---|---|---|---|---|---|
| Dewey Decimal Classification | London | London | News article | 17/10/2002 | WB3838-19 | 120129-1001 | 06/08/2019 | 1 | 06/08/2019 | News article |